000 01373njm a22002897a 4500
005 20100914121232.0
006 a|||||r|||||00| 0
007 sd ammalaaahaa
008 100910t xxu||||| |||| 00| 0 eng d
028 _a3AEX.5198
_bAngel Records
035 _aGR-02255
040 _aSED
_cSED
100 _aBhosle, Asha
_919365
245 _aGreat artiste, great songs Asha Bhosle /
_csung by Asha Bhosle; music by O. P. Nayyar; lyrics by S. H. Bihari
_h[sound recording] :
246 _aग्रेट आर्टिस्ट, ग्रेट सोंग्स आशा भोसले / आशा भोसले द्वारा
260 _aDum Dum, India
_bAngel records
_c1968
300 _a1 sound disc [Gramophone Recording] :
_banalog, 33 1/3 rpm
_c12.5 in. (LP)
_fGramaphone Records
500 _aBrief record
500 _aRecord Lebels : Angel Records, Purple
505 _aSide-1 हौले हौले चलो मोरे साजना (Haule haule chalo more sajna) (Sawan ki ghata) Side-2 पूछो न हमें (Poochho na hamen) (Mitti mensona)
600 _aBhosle, Asha
_919611
650 _2Excerpts.
_aHindustani Film Song
_bIndia
_919366
700 _aNayyar, O. P.
_919943
700 _aBihari, S. H
_919944
942 _2ddc
_cGR
999 _c45656
_d45656